Obuvnícka technológia pre 1. ročník SOU, učebný odbor obuvník, a 1. ročník SŠP, študijný odbor kožiarska výroba /

Hlavní autor: Zeman, Oldřich
Další autoři: Štěrba, Jan, Heczko, Jaromír
Jazyk: Slovenština
Vydáno: Bratislava : Alfa, 1990
Vydání: 2.slov.vyd.
Edice: Edícia literatúry pre spotrebný priemysel (Alfa)
Témata:
Fyzický popis: 145 s.
Knihy
Uloženo v:
LEADER 01099nam a22002772a 4500
001 000039879
003 CZ BrMZK
005 20050512064928.0
008 951201s1990 xo f slo d
020 |a 80-05-00331-5 
040 |a BOA001  |b cze 
080 |a 372.868.53(075.3):377.5  |2 MRF 
080 |a 372.868.53(075.3):377.35  |2 MRF 
100 1 |a Zeman, Oldřich  |7 jx20041109038 
245 1 0 |a Obuvnícka technológia pre 1. ročník SOU, učebný odbor obuvník, a 1. ročník SŠP, študijný odbor kožiarska výroba /  |c Oldřich Zeman, Jaromír Heczko, Jan Štěrba 
250 |a 2.slov.vyd. 
260 |a Bratislava :  |b Alfa,  |c 1990 
300 |a 145 s. 
490 1 |a Edícia literatúry pre spotrebný priemysel 
700 1 |a Štěrba, Jan  |7 jx20051206011 
700 1 |a Heczko, Jaromír  |7 jk01040471 
830 0 |a Edícia literatúry pre spotrebný priemysel (Alfa) 
910 |a BOA001  |b PK-0112.652 
964 |a Obuv - výroba - technologie - učebnice - školy odborné střední 
990 |a BK 
996 7 |b 3119990655  |c PK-0112.652  |l MZK  |r Sklad / do 1 hodiny  |n 1  |w 000039879  |u 000010  |a 1  |e BOA001  |j MZK50  |s A